LEADER 01056nam--2200373---450- 001 990003423800203316 005 20100708094109.0 010 $a978-0-231-14531-2 035 $a000342380 035 $aUSA01000342380 035 $a(ALEPH)000342380USA01 035 $a000342380 100 $a20100708d2010----km-y0itay50------ba 101 $aeng 102 $aUS 105 $a||||||||001yy 200 1 $a<> portable Cixous$fedited by Marta Segarra 210 $aNew York$cColumbia University Press$d2010 215 $aIX, 310 p.$d23 cm 225 2 $aEuropean perspectives 410 0$12010$aEuropean perspectives 600 1 $aCixous,$bHélène$2BNCF 606 0 $2BNCF 676 $a848.91409 702 1$aSEGARRA,$bMarta 801 0$aIT$bsalbc$gISBD 912 $a990003423800203316 951 $aVI.4.B. 935$b4293 L.G.$cVI.4.B.$d00280356 959 $aBK 969 $aUMA 979 $aMARTUCCIEL$b90$c20100708$lUSA01$h0937 979 $aMARTUCCIEL$b90$c20100708$lUSA01$h0941 996 $aPortable Cixous$91109380 997 $aUNISA